Gestalt Therapy : Excitement and Growth in the Human Personality /

I tiakina i:
Ngā taipitopito rārangi puna kōrero
Kaituhi matua: Perls, Frederick S. (autor)
Ētahi atu kaituhi: Hefferline, Ralph F. (autor) (autor), Goodman, Paul (autor) (autor)
Hōputu: Pukapuka
Reo:Ingarihi
I whakaputaina: Nueva York, EUA : Delta, 1951, c1951
Ngā marau:
Ngā Tūtohu: Tāpirihia he Tūtohu
Kāore He Tūtohu, Me noho koe te mea tuatahi ki te tūtohu i tēnei pūkete!

MARC

LEADER 00000nam^a2200000^a^4500
001 000265369
005 20250521000000.0
009 20260310110715.639
025 |a Donación Luis González Martínez, 1 ejemplar 
037 |a Acervo ITESO - Biblioteca 
041 |a ING 
082 |a 616. 89143  |b PER 
100 |a Perls, Frederick S.  |e (autor) 
240 1 1 |a [Terapia gestalt: excitación y crecimiento de la personalidad humana] 
245 1 0 |a Gestalt Therapy :  |b Excitement and Growth in the Human Personality /  |c F.S. Perls, R.F. Hefferline, P. Goodman. 
264 4 |a Nueva York, EUA :  |b Delta,  |c 1951, c1951 
300 |a XIII, 470 p. 
336 |a texto  |b txt  |2 rdacontenido 
337 |a sin mediación  |b n  |2 rdamedio 
338 |a volumen  |b nc  |2 rdasoporte 
649 |a XX 
650 |a Conciencia 
650 |a Psicología Cognitiva 
650 |a Proyección (Mecanismo de Defensa) 
650 |a Neurosis 
650 |a Personalidad 
650 |a Teoría del Sí-Mismo 
650 |a Teoría y Terapia Gestalt -  |x Tema Principal 
650 |a Psicoanálisis 
650 |a Psicoterapia 
650 |a Psicología Clínica 
650 |a Psicología 
700 |a Hefferline, Ralph F.  |e (autor) 
700 |a Goodman, Paul  |e (autor) 
910 |a Fondo Luis González Martínez 
920 |a Impresos - Libros 
930 |a Colección General 
905 |a 139 
901 |a 0500148159  |b IT1  |c ESP  |i D  |u 20250521 
902 |a https://opac.biblio.iteso.mx/vufind/Record/000265369